Sociálno-ekonomické problémy kultúry a prostriedkov hromadnej informácie Vybrané časti
Na minha lista:
| Formato: | Livro |
|---|---|
| Idioma: | eslovaco |
| Publicado em: |
Bratislava
Výskumný ústav kult.
1987
|
| Edição: | 1. vyd. |
| Colecção: | Kultúra v zahraničí
1/1987 |
| Tags: |
Sem tags, seja o primeiro a adicionar uma tag!
|
MARC
| LEADER | 00000nam a2200000 4500 | ||
|---|---|---|---|
| 001 | c030413 | ||
| 005 | 20250905125827.4 | ||
| 041 | 0 | |a slo | |
| 044 | |a SK | ||
| 245 | 1 | 0 | |a Sociálno-ekonomické problémy kultúry a prostriedkov hromadnej informácie |b Vybrané časti |c V.G. Zinini a kol., I.E. Diskin |
| 250 | |a 1. vyd. | ||
| 264 | 1 | |a Bratislava |b Výskumný ústav kult. |c 1987 | |
| 300 | |a 162 s. | ||
| 490 | 1 | |a Kultúra v zahraničí |v 1/1987 | |
| 830 | 0 | |a Kultúra v zahraničí |v 1/1987 | |